Statistics for Countries Closest to Chad - 30 Second Sprint

Click here to take the quiz!

General Stats

  • This quiz has been taken 51 times
  • The average score is 12 of 20

Answer Stats

kmcountry% Correct
0Libya
97%
0Niger
94%
0Nigeria
88%
0Sudan
88%
312Algeria
85%
293Egypt
76%
167South Sudan
76%
432Congo
74%
337Democratic Republic
of the Congo
74%
0Central African Republic
65%
0Cameroon
59%
961Tunisia
59%
1018Mali
56%
1159Ethiopia
44%
636Gabon
41%
1205Uganda
41%
1114Benin
32%
1237Burkina Faso
26%
754Equatorial Guinea
21%
1103São Tomé and Príncipe
15%

Score Distribution

Percentile by Number Answered

Percent of People with Each Score

Your Score History

You have not taken this quiz